| 000 | 00837nam a2200253 i 4500 | ||
|---|---|---|---|
| 001 | 115512 | ||
| 003 | ES-MaACL | ||
| 005 | 20251209133007.0 | ||
| 007 | t| | ||
| 008 | 070314s1915 ag ||||1| spa d | ||
| 100 | 1 |
_aEcheverría, Esteban, _d1805-1851 _946572 |
|
| 245 | 1 | 0 |
_aDogma socialista / _cde Esteban Echeverría. |
| 260 |
_aBuenos Aires : _bLibrería "La Facultad", _c1915. |
||
| 300 |
_a303 p. ; _c19 cm. |
||
| 490 | 1 |
_aBiblioteca argentina ; _v2 |
|
| 500 | _aFoto del autor. | ||
| 530 | _aDisponible también en sitio web. | ||
| 650 | 1 | 7 |
_aSocialismo _2embne _917147 |
| 830 | 0 |
_aBiblioteca argentina ; _v2 _9186252 |
|
| 852 |
_aES-MaACL _jG-1056 _cDEPO2 |
||
| 856 | 4 |
_uhttp://bnedigital.bne.es/bd/es/card?id=c6aefdec-40e3-43b7-bfeb-084864fdda41 _yIr a la página |
|
| 942 | _2udc | ||
| 999 |
_c115512 _d115512 |
||